BIBLIOTECA

SENCICO

El jardín: paisaje y diseño (Registro nro. 2140)

Detalles MARC
000 -LEADER
fixed length control field 00469nam a2200193Ia 4500
005 - DATE AND TIME OF LATEST TRANSACTION
control field 20251020182533.0
008 - FIXED-LENGTH DATA ELEMENTS--GENERAL INFORMATION
fixed length control field 200515s9999 xx 000 0 und d
082 ## - DEWEY DECIMAL CLASSIFICATION NUMBER
Classification number 712.391/C74
100 ## - MAIN ENTRY--PERSONAL NAME
Personal name CONRAN, Terence PEARSON, Dan
245 #0 - TITLE STATEMENT
Title El jardín: paisaje y diseño
260 ## - PUBLICATION, DISTRIBUTION, ETC.
Place of publication, distribution, etc. Pekín
260 ## - PUBLICATION, DISTRIBUTION, ETC.
Date of publication, distribution, etc. 1998
500 ## - GENERAL NOTE
General note 1 ejemplar
520 ## - SUMMARY, ETC.
Summary, etc. Guía esencial para el diseño del jardín
650 ## - SUBJECT ADDED ENTRY--TOPICAL TERM
Topical term or geographic name entry element JARDINES
650 ## - SUBJECT ADDED ENTRY--TOPICAL TERM
Topical term or geographic name entry element LIB
650 ## - SUBJECT ADDED ENTRY--TOPICAL TERM
Topical term or geographic name entry element PUB
942 ## - ADDED ENTRY ELEMENTS (KOHA)
Koha item type Libros
Existencias
Fecha de la última vez que lo usaron Pago total Signatura topográfica completa Código de barras Precio efectivo desde Tipo de documento Estado perdido Estado dañado No es para préstamo Retirado Ubicación permanente Ubicación actual Fecha de adquisición
15/05/2020   712.391/C74 Bib-Lima15052140 15/05/2020 Libros         Biblioteca Central Lima Biblioteca Central Lima 15/05/2020